000 00307nam a22001217a 4500
008 230626b xxu||||| |||| 00| 0 eng d
082 _a331.7
_bCON
100 _cRobert Conquest
245 _aIndustrial Workers in the USSR
260 _aLondon
_bThe Bodley Head Ltd
_c1967
300 _a203p
942 _2ddc
_cBK
999 _c2723
_d2723